000 00696nam a2200277Ia 4500
003 OSt
005 20220912152738.0
006 a|||||r|||| 00| 0
007 ta
008 220909b |||||||| |||| 00| 0 eng d
024 _a36679
037 _cTextual
040 _aCSL
_beng
_cCSL
041 _aeng
082 _aE3051:8, L1
100 _aPorter Q N
245 0 _aMass spectrometry of heterocyclic compounds
260 _c1971
300 _ap.
_ccm.
490 _aGeneral hetercyclic chemistry series
650 _a Spectrometry
650 _aChemistry
700 _a Baldas J
942 _hE3051:8, L1
_cTEXL
_2CC
999 _c90978
_d90978